Zabudnite na Sókrata! (Guthrie, Vlastos a Nehamas o sokratovskej irónii

Bibliographic Details
Main Author: Kriššák, Miloš, 1981- (Author)
Format: Article
Language:Slovak
ISBN:9788080687175
Subjects:

MARC

LEADER 00000nab a2200000 a 4500
001 vtls009299244
003 SK-MaSNL
005 20260305035408.0
008 080602c2007 xo r m 000 00slo
015 |a SNBRA2008/06SVKPO 
038 |a SVKPO 
040 |a SVKPOCL  |c slo  |e AACR2 
041 0 |a slo 
044 |a xo  |c SK 
080 |a 14(38)  |2 2001 
080 |a 101  |2 2001 
080 |a 177.3  |2 2001 
080 |a 1-051  |2 2001 
100 1 |a Kriššák, Miloš,  |d 1981-  |4 aut  |9 1046618 
245 1 0 |a Zabudnite na Sókrata!  |b (Guthrie, Vlastos a Nehamas o sokratovskej irónii  |c Miloš Kriššák 
504 |a Bibliogr. odkazy 
546 |a Res. angl. 
600 1 7 |a Sokrates,  |d 469-399 pred Kristom  |2 svkpocl  |9 133797 
600 1 7 |a Guthrie, William Keith Chambers,  |d 1906-1981  |2 svkpocl  |9 1617954 
600 1 7 |a Vlastos, Gregory,  |d 1907-1991  |2 snkbucl  |9 1617955 
600 1 7 |a Nehamas, Alexander,  |d 1946-  |2 svkpocl  |9 1577850 
650 0 7 |a klasická grécka filozofia  |2 svkpocl  |9 66922 
650 0 7 |a irónia  |2 svkpocl  |9 104716 
650 0 7 |a sokratovská irónia  |2 svkpocl  |9 1617953 
650 0 7 |a komparatívna analýza  |2 svkpocl  |9 71560 
773 0 |t Sokratika II : sokratovská tradícia myslenia od antiky po súčasnosť  |d Prešov : Prešovská univerzita, Filozofická fakulta, 2007  |g S. 7-21  |z 9788080687175 
852 |a SVKPO  |b KIS3GCP 
958 |a SK 
958 |a NB 
999 |c 3333615  |d 3335545